Southville International School and Colleges
Your cart is empty.
  • Cart
  • Lists
    Public lists Eva Luna New books Lux_list list_1
    Your lists Log in to create your own lists
  • Log in to your account
  • Your cookies
  • Search history
Southville International School and Colleges
  • Advanced search
  • Recent comments
  • Most popular
  • Libraries

Log in to your account

Log in with GOOGLE


If you do not have an external account, but do have a local account, you can still log in:

  1. Home
  2. MARC view: Understanding nursing research :
Normal view MARC view ISBD view

Understanding nursing research : (Record no. 283694)

[ view plain ]
MARC details
000 -LEADER
fixed length control field 02056cam a22003854a 4500
001 - CONTROL NUMBER
control field 16204785
003 - CONTROL NUMBER IDENTIFIER
control field PILC
005 - DATE AND TIME OF LATEST TRANSACTION
control field 20150303123725.0
008 - FIXED-LENGTH DATA ELEMENTS--GENERAL INFORMATION
fixed length control field 100423s2011 moua b 001 0 eng
010 ## - LIBRARY OF CONGRESS CONTROL NUMBER
LC control number 2010017591
020 ## - INTERNATIONAL STANDARD BOOK NUMBER
International Standard Book Number 9781437707502 (pbk. : alk. paper)
020 ## - INTERNATIONAL STANDARD BOOK NUMBER
International Standard Book Number 9789814371018
035 ## - SYSTEM CONTROL NUMBER
System control number (DNLM)101529470
040 ## - CATALOGING SOURCE
Original cataloging agency DNLM/DLC
Transcribing agency DLC
Modifying agency DLC
050 00 - LIBRARY OF CONGRESS CALL NUMBER
Classification number RT 81.5
Item number .B863 2013
060 10 - NATIONAL LIBRARY OF MEDICINE CALL NUMBER
Classification number WY 20.5
Item number B967u 2011
082 00 - DEWEY DECIMAL CLASSIFICATION NUMBER
Classification number 610.73072
100 1# - MAIN ENTRY--PERSONAL NAME
Personal name Burns, Nancy
Fuller form of name (Nancy Ann)
245 10 - TITLE STATEMENT
Title Understanding nursing research :
Remainder of title building an evidence-based practice /
Statement of responsibility, etc Nancy Burns, Susan K. Grove ; with special contributions by Jennifer Gray.
250 ## - EDITION STATEMENT
Remainder of edition statement Philippine edition.
260 ## - PUBLICATION, DISTRIBUTION, ETC. (IMPRINT)
Place of publication, distribution, etc St. Louis, MO :
Name of publisher, distributor, etc Saunders/Elsevier,
Date of publication, distribution, etc c2013.
300 ## - PHYSICAL DESCRIPTION
Extent xiii, 574 pages :
Other physical details colored illustrations ;
Dimensions 23 cm.
504 ## - BIBLIOGRAPHY, ETC. NOTE
Bibliography, etc Includes bibliographical references and index.
505 0# - FORMATTED CONTENTS NOTE
Formatted contents note Introduction to nursing research and evidence-based practice -- Introduction to the quantitative research process -- Introduction to the qualitative research process -- Examining ethics in nursing research -- Research problems, purposes, and hypotheses -- Understanding the literature review in published studies -- Understanding theory and research frameworks -- Clarifying quantitative research designs -- Examining populations and samples in research -- Clarifying measurement and data collection in quantitative research -- Understanding statistics in research -- Critical appraisal of quantitative and qualitative research for nursing practice -- Building an evidence-based nursing practice -- Introduction to outcomes research.
521 ## - TARGET AUDIENCE NOTE
Target audience note Nursing
650 #0 - SUBJECT ADDED ENTRY--TOPICAL TERM
Topical term or geographic name as entry element Nursing
General subdivision Research
-- Methodology.
650 #0 - SUBJECT ADDED ENTRY--TOPICAL TERM
Topical term or geographic name as entry element Evidence-based nursing.
650 12 - SUBJECT ADDED ENTRY--TOPICAL TERM
Topical term or geographic name as entry element Nursing Research
General subdivision methods.
650 22 - SUBJECT ADDED ENTRY--TOPICAL TERM
Topical term or geographic name as entry element Evidence-Based Nursing.
700 1# - ADDED ENTRY--PERSONAL NAME
Personal name Grove, Susan K.
700 1# - ADDED ENTRY--PERSONAL NAME
Personal name Gray, Jennifer,
Dates associated with a name 1955-
906 ## - LOCAL DATA ELEMENT F, LDF (RLIN)
a 7
b cbc
c orignew
d 1
e ecip
f 20
g y-gencatlg
942 ## - ADDED ENTRY ELEMENTS (KOHA)
Source of classification or shelving scheme Library of Congress Classification
Koha item type Books
Holdings
Withdrawn status Lost status Source of classification or shelving scheme Damaged status Home library Current library Shelving location Date acquired Source of acquisition Sub Shelving location Total Checkouts Full call number Barcode Date last seen Price effective from Koha item type
    Library of Congress Classification   College Library College Library Filipiniana Section 03/03/2015 Library Fund     RT 81.5 .B863 2013 C19195 05/08/2018 03/03/2015 Books

Understanding nursing research :

APA

Burns N., Grove S. K. & Gray J. (2013). Understanding nursing research. St. Louis, MO: Saunders/Elsevier.

Chicago

Burns Nancy, Grove Susan K and Gray Jennifer. 2013. Understanding nursing research. St. Louis, MO: Saunders/Elsevier.

Harvard

Burns N., Grove S. K. and Gray J. (2013). Understanding nursing research. St. Louis, MO: Saunders/Elsevier.

MLA

Burns Nancy, Grove Susan K and Gray Jennifer. Understanding nursing research. St. Louis, MO: Saunders/Elsevier. 2013.

  • Place hold
  • Print
  • Cite
  • Add to your cart (remove)
  • Save record
    BIBTEX Dublin Core MARCXML MARC (non-Unicode/MARC-8) MARC (Unicode/UTF-8) MARC (Unicode/UTF-8, Standard) MODS (XML) RIS
  • More searches
    Search for this title in:
    Other Libraries (WorldCat) Other Databases (Google Scholar) Online Stores (Bookfinder.com) Open Library (openlibrary.org)

Exporting to Dublin Core...

SOUTHVILLE LIBRARY

Southville International School and Colleges Library

1281 Tropical Ave. Cor. Luxembourg St., BF Homes International, Las Pinas City

Tel. No. 8256374 / 252358 Loc. 117/146

Powered by Koha